| 000 | 00358cam a22001097a 4500 | ||
|---|---|---|---|
| 008 | 180718b1969 xxu||||| |||| 00| 0 eng d | ||
| 082 | _aK3x42 Un3s | ||
| 100 | _aCommittee of Inquiry | ||
| 245 |
_aThe method ii system of selection : report _cby Committee of Inquiry, United Kingdom |
||
| 260 |
_aLondon _bHer Majesty's Stationery Office _c1969 |
||
| 300 | _a131+p. | ||
| 999 |
_c499875 _d499875 |
||